Iniciación cívica / (Record no. 82642)

MARC details
000 -LEADER
campo de control de longitud fija 00574nam a2200193 i 4500
001 - NÚMERO DE CONTROL
campo de control 82642
003 - IDENTIFICADOR DE NÚMERO DE CONTROL
campo de control ES-MaACL
005 - FECHA Y HORA DE LA ÚLTIMA TRANSACCIÓN
campo de control 20250808063911.0
007 - CAMPO FIJO DE DESCRIPCIÓN FÍSICA--INFORMACIÓN GENERAL
campo de control de longitud fija t|
008 - DATOS DE LONGITUD FIJA--INFORMACIÓN GENERAL
campo de control de longitud fija 041111s1962 sp ||||1| spa d
245 00 - MENCIÓN DEL TÍTULO
Título Iniciación cívica /
Mención de responsabilidad, etc. G. Blardone ... [et al.].
260 ## - PUBLICACIÓN, DISTRIBUCIÓN, ETC.
Lugar de publicación, distribución, etc. Madrid :
Nombre del editor, distribuidor, etc. Edit. Popular,
Fecha de publicación, distribución, etc. [1962]
300 ## - DESCRIPCIÓN FÍSICA
Extensión 150 p. ;
Dimensiones 17 cm.
650 #4 - PUNTO DE ACCESO ADICIONAL DE MATERIA--TÉRMINO DE MATERIA
Término de materia o nombre geográfico como elemento de entrada Civismo-
Subdivisión geográfica Francia.
9 (RLIN) 166088
651 #7 - PUNTO DE ACCESO ADICIONAL DE MATERIA--NOMBRE GEOGRÁFICO
Nombre geográfico Francia-
Subdivisión general Historia-
Subdivisión cronológica 1944-1958, IV República
Fuente del encabezamiento o término
9 (RLIN) 139864
700 1# - ENTRADA AGREGADA--NOMBRE PERSONAL
Nombre de persona Blardone, Gilbert.
9 (RLIN) 29336
852 ## - LOCALIZACIÓN
Ubicación ES-MaACL
Número de control de estantería C-21369
Sublocalización o colección R.49897
Holdings
Estatus retirado Estado de pérdida Estado de daño No para préstamo Biblioteca de origen Biblioteca actual Ubicación en estantería Fecha de adquisición Fuente de adquisición Total de préstamos Signatura topográfica completa Código de barras Visto por última vez Precio de reemplazo Tipo de ítem Koha
        Biblioteca del Ateneo de Madrid Biblioteca del Ateneo de Madrid Galería 17/01/2008     C-21369 1086370 23/02/2023 23/02/2023 Libro impreso